Violence and globalization in Latin America.

A partir de la década de los ochenta, América Latina ha experimentado una violencia sin precedentes que se manifiesta en el notable aumento de las tasas de homicidio. Luego de explorar diferentes formas de violencia y ahondar en el empobrecimiento que afecta al continente, sugerimos que la extensión...

Full description

Bibliographic Details
Main Author: Briceño-León, Roberto
Format: Libro
Language:English
Published: Sage Publications 2002
Subjects:

MARC

LEADER 00000cam a2200000 a 4500
001 029911
003 UAHC_CL
005 20170803123139.0
008 020729b xx j 000 1 eng
040 |a UAHC_CL  |c UAHC_CL  |d UAHC_CL 
100 1 |a Briceño-León, Roberto 
245 1 0 |a Violence and globalization in Latin America. 
260 |b Sage Publications  |c 2002 
500 |a En : Current Sociology, n¼1, january 2002 
520 |a A partir de la década de los ochenta, América Latina ha experimentado una violencia sin precedentes que se manifiesta en el notable aumento de las tasas de homicidio. Luego de explorar diferentes formas de violencia y ahondar en el empobrecimiento que afecta al continente, sugerimos que la extensión de la violencia y el crimen intervienen dinámicas de transformación globales y locales que produce que esta violencia traspase las fronteras nacionales y al mismo tiempo adopte la forma singular de la cultura y organización social de cada zona. A través del análisis de los siguientes cinco procesos relacionados : (1) los cambios de la economía de la droga ; (2) la proliferación de las armas de fuego ; (3) la similitud de los patrones culturales de la violencia ; (4) el miedo generalizado en la población ; (5) el apoyo a los ciudadanos en la acción extrajudicial de la policía, este último peligrosamente en expansión, concluimos diciendo que la apropiación de la violencia, y su implacable lógica de escalada, sólo lleva a la aniquilación recíproca. El fortalecimiento del estado y la vigencia del estado de derecho deben ser las salidas de la defensa de la integridad de las personas y la recuperación de la libertad en la ciudad. 
650 4 |a VIOLENCIA  |z AMERICA LATINA 
650 4 |a CONSUMO 
650 4 |a GLOBALIZACION 
900 |a CURRENT SOCIOLOGY-1/02 
942 |c BK 
999 |c 29911  |d 29911